| 000 | 01558cam a2200265 4500 | ||
|---|---|---|---|
| 001 | ABS65756 | ||
| 008 | 020723n2002 000 0 eng u | ||
| 035 | _a(Sirsi) u119007 | ||
| 100 | _aWebster, B | ||
| 245 | _aKey to a good night in town | ||
| 260 | _c2002 | ||
| 490 |
_aPlanning (for the Natural and Built Environment) _v(1478) 5 July 2002, 14-15(2) |
||
| 520 | _aExamines the challenge of the '24 hour city' and the resulting conflicts between town centre residents and the night-time economy of pubs, bars and clubs. While residents are complaining about late night noise, government is making it easier for new drinking establishments to open and have greater operating scope. Suggests that proposed changes to the Use Classes Order and legislation removing permitted hours will make the situation worse for residents. Considers how planners can avoid saturation of pubs, bars and clubs in town centres and push investment towards areas that would benefit from more eating and drinking venues. Briefly discusses the pros and cons of creating 'entertainment zones' and concludes that planners must liaise with other regulatory and management agencies to assess whether saturation point has been reached. | ||
| 590 | _aABS | ||
| 650 | _aTOWN CENTRES | ||
| 650 | _aPLANNERS | ||
| 650 | _aTOWN PLANNING | ||
| 650 | _aNOISE NUISANCE | ||
| 650 | _aLICENSED PREMISES | ||
| 650 | _aPUBLIC HOUSES | ||
| 650 | _aTOWN AND COUNTRY PLANNING (USE CLASSES) ORDERS | ||
| 650 | _aLEISURE USES | ||
| 690 | _aLEISURE AND RECREATION | ||
| 942 | _n0 | ||
| 999 |
_c70801 _d70801 |
||